| 000 -LEADER |
| fixed length control field |
01726nam a22005057a 4500 |
| 001 - CONTROL NUMBER |
| control field |
gs8bvnjndjftw9rk |
| 003 - CONTROL NUMBER IDENTIFIER |
| control field |
LIBRIS |
| 005 - DATE AND TIME OF LATEST TRANSACTION |
| control field |
20210419082003.0 |
| 008 - FIXED-LENGTH DATA ELEMENTS--GENERAL INFORMATION |
| fixed length control field |
200709s2004 xxu||||||b||||001 0|eng| |
| 010 ## - LIBRARY OF CONGRESS CONTROL NUMBER |
| LC control number |
2002155050 |
| 015 ## - NATIONAL BIBLIOGRAPHY NUMBER |
| National bibliography number |
GBA3V9272 |
| Source |
bnb |
| 020 ## - INTERNATIONAL STANDARD BOOK NUMBER |
| International Standard Book Number |
063122940X |
| Qualifying information |
cased |
| Terms of availability |
�55.00 |
| 020 ## - INTERNATIONAL STANDARD BOOK NUMBER |
| International Standard Book Number |
0631229396 |
| Qualifying information |
pbk. |
| Terms of availability |
�16.99 |
| 035 ## - SYSTEM CONTROL NUMBER |
| System control number |
(Uk)012270564 |
| 040 ## - CATALOGING SOURCE |
| Original cataloging agency |
Q |
| Modifying agency |
Uk |
| Description conventions |
a |
| Transcribing agency |
DEC |
| 041 ## - LANGUAGE CODE |
| Language code of text/sound track or separate title |
eng |
| 042 ## - AUTHENTICATION CODE |
| Authentication code |
ukblsr |
| 080 ## - UNIVERSAL DECIMAL CLASSIFICATION NUMBER |
| Universal Decimal Classification number |
94 |
| Item number |
M-44 |
| 082 04 - DEWEY DECIMAL CLASSIFICATION NUMBER |
| Classification number |
274.06 |
| Edition number |
22 |
| 100 1# - MAIN ENTRY--PERSONAL NAME |
| Personal name |
McGrath, Alister E., |
| Dates associated with a name |
1953- |
| 245 14 - TITLE STATEMENT |
| Title |
The intellectual origins of the European Reformation / |
| Statement of responsibility, etc. |
Alister E. McGrath. |
| 250 ## - EDITION STATEMENT |
| Edition statement |
2nd ed. |
| 264 #1 - PRODUCTION, PUBLICATION, DISTRIBUTION, MANUFACTURE, AND COPYRIGHT NOTICE |
| Place of production, publication, distribution, manufacture |
Malden, Mass. |
| -- |
Oxford : |
| Name of producer, publisher, distributor, manufacturer |
Blackwell, |
| Date of production, publication, distribution, manufacture, or copyright notice |
2004 |
| 300 ## - PHYSICAL DESCRIPTION |
| Extent |
ix, 289 p. |
| Dimensions |
23 cm. |
| 336 ## - CONTENT TYPE |
| Content type term |
text |
| Content type code |
txt |
| Source |
rdacontent |
| 337 ## - MEDIA TYPE |
| Media type term |
unmediated |
| Media type code |
n |
| Source |
rdamedia |
| 338 ## - CARRIER TYPE |
| Carrier type term |
volume |
| Carrier type code |
nc |
| Source |
rdacarrier |
| 365 ## - TRADE PRICE |
| Price amount |
7.99 usd |
| 500 ## - GENERAL NOTE |
| General note |
Previous ed.: 1987. |
| 500 ## - GENERAL NOTE |
| General note |
Formerly CIP. |
| 504 ## - BIBLIOGRAPHY, ETC. NOTE |
| Bibliography, etc. note |
Includes bibliographical references and index. |
| 650 #0 - SUBJECT ADDED ENTRY--TOPICAL TERM |
| Topical term or geographic name entry element |
Reformation. |
| 650 #0 - SUBJECT ADDED ENTRY--TOPICAL TERM |
| Topical term or geographic name entry element |
Philosophy, Medieval. |
| 650 #0 - SUBJECT ADDED ENTRY--TOPICAL TERM |
| Topical term or geographic name entry element |
Philosophy, Renaissance. |
| 650 #0 - SUBJECT ADDED ENTRY--TOPICAL TERM |
| Topical term or geographic name entry element |
Theology, Doctrinal |
| General subdivision |
History |
| Chronological subdivision |
Middle Ages, 600-1500. |
| 650 #0 - SUBJECT ADDED ENTRY--TOPICAL TERM |
| Topical term or geographic name entry element |
Theology, Doctrinal |
| General subdivision |
History |
| Chronological subdivision |
16th century. |
| 650 #0 - SUBJECT ADDED ENTRY--TOPICAL TERM |
| Topical term or geographic name entry element |
Humanism |
| General subdivision |
History. |
| 651 #0 - SUBJECT ADDED ENTRY--GEOGRAPHIC NAME |
| Geographic name |
Europe |
| General subdivision |
Intellectual life. |
| 653 ## - INDEX TERM--UNCONTROLLED |
| Uncontrolled term |
ფილოსოფია |
| 887 ## - NON-MARC INFORMATION FIELD |
| Content of non-MARC field |
{"@id":"gs8bvnjndjftw9rk","modified":"2020-07-09T11:12:39.932+02:00","checksum":"121023909366"} |
| Source of data |
librisxl |
| 887 ## - NON-MARC INFORMATION FIELD |
| Content of non-MARC field |
{"@id":"8l53ddpd6zj1hjlx","modified":"2020-08-03T10:08:55.691+02:00","checksum":"80408973802"} |
| Source of data |
librisxl |
| 942 ## - ADDED ENTRY ELEMENTS (KOHA) |
| Source of classification or shelving scheme |
|
| Koha item type |
Books |